zpět

Detail výsledku týmu

Duncan bar, Kladno

Datum a čas kvízu

23.5 Celkem bodů Celkový počet nahraných bodů na tomto kvízu bez doplňovacích otázek.
2. Pořadí na kvízu Konečné umístění týmu na tomto kvízu.

Zaznamenané odpovědi

# Otázka Odpověď Body Výsledky
1. Vláda ve čtvrtek schválila odc... 0
2. Spojené státy americké oficiál... 0.5
3. V pondělí byl neznámými útoční... 0
4. Senát dalšího státu schválil 2... 0
5. Žádné překvapení se nekonalo,... 1
6. Podíváme se na zvířata, která... 0
7. Na území kterého státu žije vě... 1
8. Jak se jmenuje toto roztomilé... 1
9. Menší kočkovitá šelma margay,... 1
10. Svět je opravdu plný paradoxů.... 0